Andy Warhol (Record no. 14559)

MARC details
000 - LÍDER
campo de control de longitud fija 01177nam a2200241Ia 4500
008 - ELEMENTOS DE DATOS DE LONGITUD FIJA - INFORMACIÓN GENERAL
campo de control de longitud fija 0000002013 ck a 0000000000spa00
090 ## - NÚMERO DE LLAMADA DE TIPO LC LOCALMENTE ASIGNADO (OCLC)
Número de clasificación (OCLC) (R) PUS00 G65a
100 1# - ENTRADA PRINCIPAL - NOMBRE PERSONAL
Nombre de la persona González, Miguel
Fechas asociadas a un nombre 1950
245 10 - TÍTULO DECLARACIÓN
Título Andy Warhol
Resto del título : serigrafias y peliculas
Declaración de responsabilidad / curador y textos de Miguel González
260 ## - PUBLICACIÓN, DISTRIBUCIÓN
Lugar de publicación Roldanillo (Valle): Museo Rayo
Fecha de publicación 2013
300 ## - DESCRIPCIÓN FÍSICA
Alcance 1 plegable [6] p.
Dimensiones / 21 cm.
500 ## - NOTA GENERAL
Nota general Exposiciónconmemorando el 32 aniversario de la Fundación Museo Rayo en Roldanillo, Valle, en 2013 \ Donación Lydia Azout, febrero 2013
505 ## - NOTA DE CONTENIDO FORMATEADA
Nota sobre el contenido formateado OBRAS: Mao, serigrafía sobre papel Flores, serigrafía sobre papel Cartel para la película Querelle de R.W., tipografía sobre papel Marilyn, serigrafía sobre papel Caja de brillo, serigrafía sobre cartón
600 00 - ENTRADA DE SUJETO AÑADIDO - NOMBRE PERSONAL
Nombre de la persona WARHOL, ANDY, 19281987/
Subdivisión general TRABAJOS PICTORICOS
610 ## - ENTRADA DE SUJETO AÑADIDO - NOMBRE CORPORATIVO
Nombre corporativo o nombre de jurisdicción como elemento de entrada MUSEO RAYO. ROLDANILLO, VALLE./
Subdivisión general EXPOSICIONES/
-- CATALOGOS
650 14 - ENTRADA DE SUJETO AÑADIDO - TÉRMINO TÓPICO
Término tópico o elemento de entrada del nombre geográfico ARTE CONTEMPORANEO ESTADOUNIDENSE
650 14 - ENTRADA DE SUJETO AÑADIDO - TÉRMINO TÓPICO
Término tópico o elemento de entrada del nombre geográfico ARTE POPULAR ESTADOUNIDENSE
650 14 - ENTRADA DE SUJETO AÑADIDO - TÉRMINO TÓPICO
Término tópico o elemento de entrada del nombre geográfico ARTISTAS PLASTICOS ESTADOUNIDENSES
650 14 - ENTRADA DE SUJETO AÑADIDO - TÉRMINO TÓPICO
Subdivisión general CATALOGOS
650 14 - ENTRADA DE SUJETO AÑADIDO - TÉRMINO TÓPICO
Subdivisión general EXPOSICIONES
650 14 - ENTRADA DE SUJETO AÑADIDO - TÉRMINO TÓPICO
Término tópico o elemento de entrada del nombre geográfico PINTURA ESTADOUNIDENSE
650 14 - ENTRADA DE SUJETO AÑADIDO - TÉRMINO TÓPICO
Término tópico o elemento de entrada del nombre geográfico SERIGRAFIA
Holdings
Estado de retirada Pérdida de estatus Estado dañado No para préstamo Código de recogida Ubicación permanente Ubicación actual Ubicación de las estanterías Fecha de adquisición Número de llamada completo Código de barras Fecha de la última vez que se vio Número de copia Precio efectivo desde Tipo de artículo Koha
        General ArtNexus ArtNexus General 06/09/2022 P-US-00 G65A 14796 06/09/2022 Ej.1 06/09/2022 Libro

Powered by Koha